Open Data Biblioteca Nacional de Portugal


República Portuguesa: Ministério da Cultura
Biblioteca Nacional de Portugal

Catálogo da BNP: acesso por Identificadores Unívocos
Registos Bibliográficos associados ao registo de autoridade

Etiqueta de registo: 00254nam 2200025 450
001 2271878
003 http://id.bnportugal.gov.pt/bib/catbnp/2271878
010 ## $a978-972-579-084-7
021 ## $aPT$b554007/25
100 ## $a20260225d2025 m a0pory01030103ba
101 0# $apor
102 ## $aPT
105 ## $aa z 000yy
106 ## $ar
200 1# $aGestão do combate à vespa velutina em apiários$fed. Miguel Pestana$gautores Ana Diéguez Antón... [et al.]
210 #9 $aOeiras$cINIAV - Instituto Nacional de Investigação Agrária e Veterinária,$dD.L. 2025
215 ## $a48 p.$cil.$d25 cm
225 2# $aCaderno técnico$v9
675 ## $a638.1(035)$vBN$zpor$31283158
675 ## $a591.65(035)$vBN$zpor$31992560
675 ## $a595.798(035)$vBN$zpor$31992559
701 #1 $aDiéguez Antón,$bAna$4070$31987463
702 #1 $aPestana,$bMiguel$4340$31412884
801 #0 $aPT$bBN$gRPC
856 41 $uhttp://rnod.bnportugal.gov.pt/ImagesBN/winlibimg.aspx?skey=&doc=2271878&img=220555&save=true
900 ## $aBIBNAC$d20260331
966 ## $lBN$mFGMON$sS.A. 193353 V.$x1
966 ## $lBN$mFGMON$sS.A. 193353 V.-D$x1
971 ## $ccsilva$d20260225
972 ## $e0$z0$d20260331$vlrevez
973 ## $cmlsousa$d20260319

OpendataBNP@bnportugal.pt | Mais informação sobre acesso aos dados BNP